Our bodies, ourselves / (Record no. 54730)

MARC details
000 -LEADER
fixed length control field 01095nam a22002657a 4500
005 - DATE AND TIME OF LATEST TRANSACTION
control field 20110802162332.0
010 ## - LCCN (DPL NO)
LC control number B-427588
020 ## - INTERNATIONAL STANDARD BOOK NUMBER
International Standard Book Number 818896543X
Terms of availability 450.00
035 ## - SYSTEM CONTROL NUMBER
System control number B-427588
037 ## - SOURCE OF ACQUISITION
Source of stock number/acquisition Virtuous Publications
082 00 - DEWEY DECIMAL CLASSIFICATION NUMBER
Classification number 301.4120973
245 10 - TITLE STATEMENT
Title Our bodies, ourselves /
Statement of responsibility, etc the Boston Women's Health Book Collective.
250 ## - EDITION STATEMENT
Edition statement Touchstone 2005 ed.
260 ## - PUBLICATION, DISTRIBUTION, ETC. (IMPRINT)
Place of publication, distribution, etc New Delhi
Name of publisher, distributor, etc Women Unlimited,
Date of publication, distribution, etc 2005
270 ## - ADDRESS
Address K-36, Hauzkhas
City New Delhi
300 ## - PHYSICAL DESCRIPTION
Extent 832 p. :
Other physical details ill. ;
Dimensions 23 cm. (Pbk)
490 0# - SERIES STATEMENT
Series statement A Touchstone book
-- 31530
500 ## - GENERAL NOTE
General note Includes bibliographies and index.
650 #0 - SUBJECT ADDED ENTRY--TOPICAL TERM
Topical term or geographic name as entry element Women
Geographic subdivision United States.
650 #0 - SUBJECT ADDED ENTRY--TOPICAL TERM
Topical term or geographic name as entry element Women
General subdivision Psychology.
650 #0 - SUBJECT ADDED ENTRY--TOPICAL TERM
Topical term or geographic name as entry element Women
General subdivision Health and hygiene.
942 ## - ADDED ENTRY ELEMENTS (KOHA)
Source of classification or shelving scheme Dewey Decimal Classification
Item type English Books
Classification part 301.4120973
Call number suffix OUR
Holdings
Withdrawn status Lost status Not for loan Collection code Home library Current library Date acquired Source of acquisition Cost, normal purchase price Full call number Barcode Copy number Cost, replacement price Koha item type
      Non-fiction Central Library Central Library 05/08/2011 Virtuous Publications/86/24.3.11/74/4.3.11/29.3.11 450.00 301.4120973 OUR B-427588 1 450.00 English Books

© Delhi Public Library
Hit Counter
free hit counter